Statistics for Guess The Sport By Item

Click here to take the quiz!

General Stats

  • This quiz has been taken 47 times
  • The average score is 8 of 8

Answer Stats

Answer% Correct
Soccer
100%
Tennis
100%
Baseball
98%
Football
96%
Hockey
96%
Golf
93%
Ping Pong
93%
Rugby
78%

Score Distribution

Percentile by Number Answered

Percent of People with Each Score

Your Score History

You have not taken this quiz